| 000 | 01451cam a2200421 a 4500 | ||
|---|---|---|---|
| 001 | 4257 | ||
| 003 | FISKH | ||
| 005 | 20240710145955.0 | ||
| 008 | 991206s2000 nyuab j b 001 0beng | ||
| 010 | _a 99088546 | ||
| 020 | _a0439158079 (pbk.) | ||
| 020 | _a9780439158077 | ||
| 040 |
_aDLC _cDLC _dDLC _beng |
||
| 050 | _aE111.R78 | ||
| 082 | _a970.015092 | ||
| 100 | 1 | _aRoop, Peter. | |
| 245 | 1 | 0 |
_aChristopher Columbus / _cPeter and Connie Roop. |
| 250 | _aFirst Trade printing, September 2001 | ||
| 260 |
_aNew York : _bScholastic, _c2000. |
||
| 300 |
_a128 pages : _billustrations ; maps ; _c20 cm |
||
| 490 | 1 | _aIn their own words | |
| 504 | _aIncludes bibliographical references (p. 124) and index. | ||
| 505 | _aR | ||
| 520 | _aRecounts the life story of the noted explorer, including excerpts from his own writings. | ||
| 521 | 8 |
_a720
_bLexile |
|
| 521 | 8 |
_aR
_bRaz-Plus |
|
| 600 | 1 | 0 |
_aColumbus, Christopher _vJuvenile literature. |
| 600 | 1 | 1 | _aColumbus, Christopher. |
| 650 | 0 |
_aExplorers _zAmerica _vBiography _vJuvenile literature. |
|
| 650 | 0 |
_aExplorers _zSpain _vBiography _vJuvenile literature. |
|
| 650 | 1 | _aExplorers. | |
| 651 | 0 |
_aAmerica _xDiscovery and exploration _xSpanish _vJuvenile literature. |
|
| 651 | 1 |
_aAmerica _xDiscovery and exploration _xSpanish. |
|
| 700 | 1 |
_aRoop, Connie. _eAuthor |
|
| 906 |
_a7 _bcbc _corignew _d1 _eocip _f19 _gy-gencatlg |
||
| 942 |
_2ddc _cBK _n0 |
||
| 999 |
_c4257 _d4257 |
||